000 00692nam a2200289Ia 4500
005 20260324120705.0
008 008 260324s9999 xx 000 0 eng d
020 _a9781315756066
037 _aEBOOK
040 _aCRL
040 _beng
040 _cCRL
041 _2eng
041 _aeng
084 _qCRL
100 _aEdward Feasel
_91159582
245 0 _aJapan's Aid
245 0 _bLessons for economic growth, development and political economy
260 _bTaylor and Francis
260 _c2014
365 _a
365 _b255
856 _uhttp://www.taylorfrancis.com/books/9781315756066
942 _cEBOOK
999 _c1751247
_d1751247